| 000 | 02135cam a2200517 4500 | ||
|---|---|---|---|
| 999 |
_c22851 _d22851 |
||
| 001 | vtls011777359 | ||
| 005 | 20200129130212.0 | ||
| 008 | 180906s2018 xo gr 011 1dslo | ||
| 020 |
_a9788022209397 _q(brožované) |
||
| 040 |
_aTTKJF _bslo _cTTKJFK _dSNK _erda |
||
| 041 | 1 |
_aslo _heng |
|
| 044 |
_axo _cSK |
||
| 072 | 7 |
_a82.0 _xLiteratúra (teória) _2konspekt |
|
| 080 |
_a821(100) _22011 |
||
| 080 |
_a82.0 _22011 |
||
| 080 |
_a82.0:159.93 _22011 |
||
| 080 |
_a(0.062) _22011 |
||
| 080 |
_a(048.8) _22011 |
||
| 100 | 1 |
_aFoster, Thomas C. _4aut _91653 |
|
| 240 | 1 | 0 |
_aHow to read literature like a professor - a lively and entertaining guide to reading between the lines _lSlovensky |
| 245 | 1 | 0 |
_aČítaj literatúru ako profesor _bdynamická a zábavná príručka o čítaní medzi riadkami _cThomas C. Foster ; z anglického originálu How to read literature like a professor - a lively and entertaining guide to reading between the lines ... preložila Marianna Bachledová |
| 250 | _aVydanie I. | ||
| 264 | 1 |
_aBratislava _bTatran _c2018 |
|
| 300 |
_a344 strán _c21 cm |
||
| 336 |
_atext _btxt _2rdacontent |
||
| 337 |
_abez média _bn _2rdamedia |
||
| 338 |
_azväzok _bnc _2rdacarrier |
||
| 500 | _aNa obálke knihy je uvedené: Rozšírené vydanie | ||
| 500 | _aPublikácia vyšla v roku 70. výročia vydavateľstva Tatran | ||
| 500 | _aObsahuje biografické údaje o autorovi na záložke knihy | ||
| 650 | 0 | 7 |
_asvetová literatúra _2SNKPH _91654 |
| 650 | 0 | 7 |
_ateória literatúry _2SNKPH _91655 |
| 650 | 0 | 7 |
_aštruktúra a kompozícia textu _2SNKPH _91656 |
| 650 | 0 | 7 |
_avnímanie literárneho diela _2SNKPH _91657 |
| 650 | 0 | 7 |
_aWorld literature _2SNKPHeng _91658 |
| 650 | 0 | 7 |
_aTheory of literature _2SNKPHeng _91659 |
| 650 | 0 | 7 |
_aPerception of literature _2SNKPHeng _91660 |
| 655 | 7 |
_amonografie _2SNKPH _91661 |
|
| 655 | 7 |
_apopulárno-náučné publikácie _2SNKPH _91486 |
|
| 655 | 7 |
_aPopular works _2SNKPHeng _91487 |
|
| 655 | 7 |
_aMonographs _2SNKPHeng _91662 |
|
| 700 | 1 |
_aBachledová, Marianna _4trl _91663 |
|
| 958 | _aOP | ||
| 958 | _aLX | ||